Регионална библиотека "Любен Каравелов" - Русе

Изабел. Апогеят на властта (Запис номер 160701)

MARC детайли
000 -Лидер
Контролно поле с фиксирана дължина 01497nam a2200373 c 4500
003 - Код на организацията, давaща контролен номер
Контролно поле BLK
005 - Дата и час на последна редакция
Контролно поле 20231211131656.0
008 - Елементи от данни с фиксирана дължина
fixed length control field 180410b bul|||||r ||||||| ||bul||
010 ## - Наследен системен номер
LC control number KNG00167983000
020 ## - Международен стандартен номер на книга ISBN
Международен стандартен номер на книга ISBN 978-954-389-322-5
040 ## - Източник на каталожния запис
Идентификатор на билиотеката - собственик на записа BLK
041 ## - Код за език
Код за езика на текст/звукозапис или на отделно заглавие Български
Код за езика КДБФ Български
072 #7 - Код за тематичната категория
Код организация bullib
Код за тематична категория Н83
Текст Чужда художествена литература Н
080 ## - УДК
Текстов определител УДК Испанска литература
УДК код - определител по УДК 821.134.2
УДК определител -311.6
УДК - код + определител 821.134.2-311.6
100 1# - Редна дума - Автор
Автор Маурел, Мартин
Авторска отговорност първи автор
R(LIN) 94359
139 ## - Редно поле
Редна дума Маурел, Мартин
Авторски знак Мато - М 40
245 10 - Сведения за заглавието
Заглавие Изабел. Апогеят на властта
Подзаглавни данни Роман
Редно поле (дума) Мартин Маурел; прев. от исп. Боряна Дукова; прев. от исп. Светослава Славчева.
257 ## - Страна на издаване
Страна на създаване/издаване Испания
260 ## - Област на издателските данни
Име на издателя, разпространителя и проч. Ера
Година на издаване 2014
Печатница София : Експертпринт
300 ## - Физическа характеристика
Страници 608 с.
Размери/Мащаб 22 см
380 ## - Жанр
Жанр Худож. лит.
500 ## - Общи забележки
Забележка Ориг. загл. Isabel, la conquista del poder / Martin Maurel.
653 ## - Ключова дума – ненормативна
Ключова дума исторически романи
659 ## - Тематичен бюлетин
Тематичен бюлетин Н
700 1# - Други автори (авторска отговорност)
Лично име Дукова, Боряна
Автороска отговорност (Описва отношението между автора и произведението) прев. от исп.
9 (RLIN) 364195
700 1# - Други автори (авторска отговорност)
Лично име Славчева, Светослава
Автороска отговорност (Описва отношението между автора и произведението) прев. от исп.
9 (RLIN) 300698
852 ## - Местоположение
Форматна сигнатура Цб 271645
856 4# - Електронен адрес и достъп
Електронен формат pdf - файл
856 4# - Електронен адрес и достъп
Електронен формат pdf - файл
999 ## - СИСТЕМНИ КОНТРОЛНИ НОМЕРА
Koha biblionumber 160701
Koha biblioitemnumber 160701
942 ## - АРТИКУЛИ
Вид на библиотечния материал Книги
Скрит в OPAC Не
Koha issues (borrowed), all copies 17
944 ## - СЪЗДАВАНЕ И РЕДАКЦИЯ на ЗАПИСА
Създаване/Редакция Създаване
Дата на регистрацията/редакция 28.11.2014
Статус, дата на статуса Цветелина Шанова
Служител, извършил регистрацията/редакцията 30531
944 ## - СЪЗДАВАНЕ И РЕДАКЦИЯ на ЗАПИСА
Създаване/Редакция Редакция
Дата на регистрацията/редакция 28.04.2016
Статус, дата на статуса ф /
Служител, извършил регистрацията/редакцията Людмила_Стоянова
999 ## - СИСТЕМНИ КОНТРОЛНИ НОМЕРА
Koha biblioitemnumber 160701
Наличности
Код за отписване Код за изгубен артикул Код за повреда Коз за рестрикции Код за отдаване Артикулен № Име на библиотеката - собственик Име на библиотеката, в която се намира в момента Статус (Текущо местоположение) Дата на вписване в системата Местоположение - отдел Цена в лева Инвентарен номер Систематично азбучна сигнатура Баркод Номер на екземпляра Цена в евро Служебна бележка Служебен тип на артикула Източник на класификационната схема
  Не е изгубен Не е повреден без рестрикции заемане за дома 268665 Регионална библиотека "Любен Каравелов" Русе Регионална библиотека "Любен Каравелов" Русе Заемна - подръчен фонд 2014-11-30 Заемна - подръчен фонд 20.00 120000783312 П 860-31/М 40 120000783312 1 10.23 Дост: Pk Вид: Ф N: 419 Дата: 22.11.2014 Книги  
Изтеглен Не е изгубен Не е повреден без рестрикции заемане за дома 268666 Регионална библиотека "Любен Каравелов" Русе Регионална библиотека "Любен Каравелов" Русе Заемна - подръчен фонд 2016-04-28 Заемна - подръчен фонд 10.01 120000799850 П 860-31/М 40 120000799850 2 5.12 Дост: Pk Вид: Ф N: 9852 Дата: 25.04.2016 Дата инв: 09.02.2018 Бележки инв: П2018 Книги  
  Не е изгубен Не е повреден без рестрикции заемане за дома 677279 Регионална библиотека "Любен Каравелов" Русе Регионална библиотека "Любен Каравелов" Русе Заемна - подръчен фонд 2018-06-15 Заемна - подръчен фонд 5.00 120000821101 П 860-31/М 40 120000821101   2.56   Книги Universal Decimal Classification
Vip Innovations Ltd, Rousse, Bulgaria 2025